Catálogo público

Plagas de los cultivos oleaginosos en México / (Record no. 200509)

MARC details
000 -CABECERA
campo de control de longitud fija 00860nam a2200289Ia 4500
001 - NÚMERO DE CONTROL
campo de control Para_1862
003 - IDENTIFICADOR DEL NÚMERO DE CONTROL
campo de control CHAP
008 - DATOS DE LONGITUD FIJA--INFORMACIÓN GENERAL
campo de control de longitud fija 220125s1994 xx 000 0 und d
010 ## - NÚMERO DE CONTROL DE LA BIBLIOTECA DEL CONGRESO
Número de control de LC 200509
040 ## - FUENTE DE LA CATALOGACIÓN
Centro/agencia transcriptor CHAP
082 ## - NÚMERO DE LA CLASIFICACIÓN DECIMAL DEWEY
Número de clasificación PA 633.85 P3
100 ## - ENTRADA PRINCIPAL--NOMBRE DE PERSONA
Nombre de persona Pacheco Mendivil, Francisco
9 (RLIN) 84568
245 ## - MENCIÓN DE TÍTULO
Título Plagas de los cultivos oleaginosos en México /
Mención de responsabilidad, etc. por Francisco Pacheco Mendivil
260 ## - PUBLICACIÓN, DISTRIBUCIÓN, ETC.
Lugar de publicación, distribución, etc. Obregón, Sonora :
Nombre del editor, distribuidor, etc. Gassas
300 ## - DESCRIPCIÓN FÍSICA
Extensión 600 p.
440 ## - MENCIÓN DE SERIE/PUNTO DE ACCESO ADICIONAL--TÍTULO
Título Libro técnico, 3
9 (RLIN) 161152
650 ## - PUNTO DE ACCESO ADICIONAL DE MATERIA--TÉRMINO DE MATERIA
Término de materia o nombre geográfico como elemento de entrada Cultivos
Subdivisión general plagas
9 (RLIN) 30305
650 ## - PUNTO DE ACCESO ADICIONAL DE MATERIA--TÉRMINO DE MATERIA
Término de materia o nombre geográfico como elemento de entrada Plantas
Subdivisión general oleaginosas
9 (RLIN) 165377
710 ## - PUNTO DE ACCESO ADICIONAL--NOMBRE DE ENTIDAD CORPORATIVA
Nombre de entidad corporativa o nombre de jurisdicción como elemento de entrada Centro de Investigaciones Agrícolas del Noroeste. México
9 (RLIN) 165378
901 ## - ELEMENTOS DE DATOS A LOCAL LDA (RLIN)
a PA 633.85 P3
902 ## - ELEMENTOS DE DATOS B LOCAL, LDB (RLIN)
a A
905 ## - ELEMENTOS DE DATOS E LOCAL, LDE (RLIN)
a 0000001994 a 0000000000 00
910 ## - DATOS DE OPCIÓN DEL USUARIO (OCLC)
Datos de opción del usuario 1994
942 ## - ELEMENTOS DE PUNTO DE ACCESO ADICIONAL (KOHA)
Tipo de ítem Koha Parasitologia_
942 ## - ELEMENTOS DE PUNTO DE ACCESO ADICIONAL (KOHA)
Tipo de ítem Koha Parasitologia_
-- 1
Holdings
Estado de retiro Estado de pérdida Fuente del sistema de clasificación o colocación Estado dañado No para préstamo Código de colección Localización permanente Ubicación/localización actual Fecha de adquisición Número de inventario Total de préstamos Signatura topográfica completa Código de barras Fecha visto por última vez Número de copia Precio válido a partir de Tipo de ítem Koha Nota pública Fecha del último préstamo
    Dewey Decimal Classification     General Parasitologia Agricola Parasitologia Agricola 06/06/2019 (PA_09294) (No. UACh C/E)   PA 633.85 P3 4102003351 25/01/2022 Ej.4 25/01/2022 Libro 3  
    Dewey Decimal Classification     General Parasitologia Agricola Parasitologia Agricola 27/10/2005 (PA_7501) (No. UACh C/E)   PA 633.85 P3 4102003348 25/01/2022 Ej.1 25/01/2022 Libro 3  
    Dewey Decimal Classification     General Parasitologia Agricola Parasitologia Agricola 06/06/2019 (PA_09292) (No. UACh C/E)   PA 633.85 P3 4102003349 25/01/2022 Ej.2 25/01/2022 Libro 3  
    Dewey Decimal Classification     General Parasitologia Agricola Parasitologia Agricola 06/06/2019 (PA_09293) (No. UACh C/E) 1 PA 633.85 P3 4102003350 27/02/2023 Ej.3 25/01/2022 Libro 3 27/02/2023